| 000 | 00893nam a2200277Ia 4500 | ||
|---|---|---|---|
| 003 | OSt | ||
| 005 | 20221006160555.0 | ||
| 006 | a|||||r|||| 00| 0 | ||
| 007 | ta | ||
| 008 | 221006b |||||||| |||| 00| 0 eng d | ||
| 020 |
_a9781931368193 _c _28.95 |
||
| 024 | _a45,527 | ||
| 037 |
_b2186, 16/03/2015, Govinda Book House _cTextual |
||
| 040 |
_aEASL _cEASL _beng |
||
| 041 |
_2eng _aeng |
||
| 082 | _aV495:191.P08, Q1 | ||
| 100 |
_aKim Byung Kwan etc. Ed. _9674199 |
||
| 245 | 0 |
_aBeyond North Korea _b Future challenges to South Korea's security |
|
| 260 |
_aStanford _bAsia-Pacific Research Center _c2011 |
||
| 300 |
_a296p. _ccm. |
||
| 490 | _v KEL | ||
| 650 | _a KEL | ||
| 650 |
_aKorea - South - Foreign relations _9674200 |
||
| 942 |
_hV495:191.P08, Q1 _cTEXL _2CC |
||
| 999 |
_c1113619 _d1113619 |
||